书目信息 |
| 题名: |
国家教师资格考试极致真题解析
|
|
| 作者: | ;粉笔教师 编著 | |
| 分册: | 下册 教育知识与能力 | |
| 出版信息: | 北京 新华出版社 2017 |
|
| 页数: | 2册(47;140页) | |
| 开本: | 26cm | |
| 丛书名: | ||
| 单 册: | ||
| 中图分类: | G451.1-44 , G451.1 | |
| 科图分类: | ||
| 主题词: | 教师--资格考试--题解 , 教学能力--资格考试--题解 | |
| 电子资源: | ||
| ISBN: | 978-7-5166-3338-0 | |
| 000 | 00802nam0 2200241 450 | |
| 001 | 182 | |
| 005 | 20180521102657.80 | |
| 010 | @a978-7-5166-3338-0@dCNY19.00 | |
| 100 | @a20180217d2017 em y0chiy50 ea | |
| 101 | 0 | @achi |
| 102 | @aCN@b110000 | |
| 105 | @ay zq 000yy | |
| 200 | 1 | @a国家教师资格考试极致真题解析@9guo jia jiao shi zi ge kao shi ji zhi zhen ti jie xi@h下册@i教育知识与能力@f粉笔教师编著 |
| 210 | @a北京@c新华出版社@d2017 | |
| 215 | @a2册(47;140页)@d26cm | |
| 330 | @a本书收录了2013年至2017年教师资格《教育知识与能力》真题,并附有真题解析。 | |
| 606 | 0 | @a教师@x资格考试@j题解 |
| 606 | 0 | @a教学能力@x资格考试@j题解 |
| 690 | @aG451.1-44@v5 | |
| 690 | @aG451.1@v4 | |
| 711 | 02 | @a粉笔教师@9fen bi jiao shi@4编著 |
| 801 | 0 | @aCN@b91MARC@c20180217 |
| 905 | @aMuseLib@dG451.1@e183:2 | |
| 国家教师资格考试极致真题解析.下册.教育知识与能力/粉笔教师编著.-北京:新华出版社,2017 |
| 2册(47;140页);26cm |
| ISBN 978-7-5166-3338-0:CNY19.00 |
| 本书收录了2013年至2017年教师资格《教育知识与能力》真题,并附有真题解析。 |
| ● |
| 相关链接 |
|
|
|
|
正题名:国家教师资格考试极致真题解析
索取号:G451.1/183:2
 
预约/预借
| 序号 | 登录号 | 条形码 | 馆藏地/架位号 | 状态 | 备注 |
| 1 | 1101024 | 211010243 | 第一样本阅览室/ [索取号:G451.1/183:2] | 在馆 | |
| 2 | 1101025 | 211010252 | 教育系资料室/ [索取号:G451.1/183:2] | 在馆 | |
| 3 | 1101026 | 211010261 | 教育系资料室/ [索取号:G451.1/183:2] | 在馆 | |
| 4 | 1101027 | 211010270 | 教育系资料室/ [索取号:G451.1/183:2] | 在馆 | |
| 5 | 1101028 | 211010289 | 第四借阅区/ [索取号:G451.1/183:2] | 在馆 | |
| 6 | 1101029 | 211010298 | 第四借阅区/ [索取号:G451.1/183:2] | 在馆 |